000 00744nam a2200181Ia 4500
008 090123s9999 xx 000 0 und d
082 _b28662
100 _aदेशपांडे पुरूषोत्तम लक्ष्मण
245 _aजावे त्यांच्या देशा
250 _a8
260 _bविद्या प्रकाशन
_c1997
300 _a224
600 _aदेशपांडे पुरूषोत्तम लक्ष्मण
630 _aजावे त्यांच्या देशा
700 _aदेशपांडे पुरूषोत्तम लक्ष्मण
730 _aजावे त्यांच्या देशा
942 _cBOOK
999 _c67202
_d67202